000 00278nam a2200109Ia 4500
008 220216s9999 xx 000 0 und d
100 _aMessenger T H
245 0 _aRubber in relation to foods and beverages
260 _bIRI Transactions
_c1935
300 _a365-386
942 _cJS
999 _c67687
_d67687